000 00341nam a22001337a 4500
008 210819b ||||| |||| 00| 0 eng d
041 _aeng
080 _a32
082 _a32
100 _a19
101 _aPOL
245 _aKosova Sfidë e Politikës së Përbashkët të Jasthme dhe të Sigurisë të BE-së
_cUkshini,S
942 _2udc
_cBK
999 _c58117
_d58117